00850nam a22002177a 450000500170000001000150001702000260003203500140005803700130007208200110008510000260009624500510012225000060017326000570017927001050023630000260034150000810036794200250044899900190047395201400049220240216113248.0 aENG-139308 c960.00a9789356064058 aEN-122840 bDBAD/PUB a51021 aJain, Prashant962206 aPathfinder For Pre-RMO/IOQM/cBy Prashant Jain a1 aUttar PradeshbPearson India Education Pvt Ltdc2023 bUttar Pradesha15th FLoor, Tower-B, World Trade Tower, Plot No.1, Block- C, Sector-16, Noidae201301 avpp.c25cm(pb)bIndex aPre Regional Mathematical Olympiad Indian Olympiad Qualifiers In Mathematics 2ddccENh510mJAIe1 c200841d200841 001040708NFICaLbLd2024-02-16eDBAD/PUBg960.00l1o510 JAIpEN-122840r2026-05-14 12:44:02s2026-04-30t1v960.00w2024-02-16yEN